Internal-Combustion Engines: (Record no. 3503)
[ view plain ]
| 000 -LEADER | |
|---|---|
| fixed length control field | 00943nac a22002291u 4500 |
| 008 - FIXED-LENGTH DATA ELEMENTS--GENERAL INFORMATION | |
| fixed length control field | 100902t xxu||||| |||| 00| 0 eng d |
| 010 ## - LIBRARY OF CONGRESS CONTROL NUMBER | |
| LC control number | 45008989 |
| 035 ## - SYSTEM CONTROL NUMBER | |
| System control number | (OCoLC)1202182 |
| 082 ## - DEWEY DECIMAL CLASSIFICATION NUMBER | |
| Classification number | 621.43 |
| Item number | MAL |
| 100 ## - MAIN ENTRY--PERSONAL NAME | |
| Personal name | Maleev, Vladimir Leoni |
| 9 (RLIN) | 17824 |
| 245 10 - TITLE STATEMENT | |
| Title | Internal-Combustion Engines: |
| Statement of responsibility, etc | By V. L. Maleev |
| Remainder of title | Theory and Design/ |
| 250 ## - EDITION STATEMENT | |
| Edition statement | 2nd ed. |
| 260 ## - PUBLICATION, DISTRIBUTION, ETC. (IMPRINT) | |
| Place of publication, distribution, etc | New York, |
| Name of publisher, distributor, etc | London, |
| -- | McGraw-Hill Book Company, inc., |
| Date of publication, distribution, etc | C.1945. |
| 300 ## - PHYSICAL DESCRIPTION | |
| Extent | xii, 636 p. : |
| Other physical details | illus., diagrs. (part fold.) ; |
| Dimensions | 22 cm. |
| 500 ## - GENERAL NOTE | |
| General note | "Answers to problems": p. 629-636. |
| 500 ## - GENERAL NOTE | |
| General note | Donations. |
| 500 ## - GENERAL NOTE | |
| General note | Donations - Bibliotheca Alexandrina. |
| 504 ## - BIBLIOGRAPHY, ETC. NOTE | |
| Bibliography, etc | Bibliographical foot-notes. |
| 650 #0 - SUBJECT ADDED ENTRY--TOPICAL TERM | |
| Topical term or geographic name as entry element | Internal combustion engines. |
| 9 (RLIN) | 17825 |
| 942 ## - ADDED ENTRY ELEMENTS (KOHA) | |
| Item type | Book - Borrowing |
| Call number prefix | 621.43 MAL |
| Source of classification or shelving scheme | Dewey Decimal Classification |
| Withdrawn status | Item status | Source of classification or shelving scheme | Damaged status | Not for loan | Vendor | Home library | Current library | Shelving location | Date acquired | Source of acquisition | Total Checkouts | Total Renewals | Full call number | Barcode | Date last seen | Date last borrowed | Koha item type |
|---|---|---|---|---|---|---|---|---|---|---|---|---|---|---|---|---|---|
| Dewey Decimal Classification | Central Library | Central Library | First floor | 22/04/2007 | 3 | 11 | 621.43 MAL | 000030371 | 15/07/2025 | 25/10/2016 | Book - Borrowing |